Mastering Bitcoin (Record no. 216727)

MARC details
000 -LEADER
fixed length control field 00461nam a2200169Ia 4500
008 - FIXED-LENGTH DATA ELEMENTS--GENERAL INFORMATION
fixed length control field 230714s9999 xx 000 0 und d
020 ## - INTERNATIONAL STANDARD BOOK NUMBER
International Standard Book Number 9790000000000
041 ## - LANGUAGE CODE
Language code of text/sound track or separate title eng
082 ## - DEWEY DECIMAL CLASSIFICATION NUMBER
Classification number 005.678
Item number ANT
100 ## - MAIN ENTRY--PERSONAL NAME
Personal name Antonopoulos A.M.
9 (RLIN) 198357
245 ## - TITLE STATEMENT
Title Mastering Bitcoin
260 ## - PUBLICATION, DISTRIBUTION, ETC. (IMPRINT)
Date of publication, distribution, etc. 2015
Name of publisher, distributor, etc. SPD/O'Reilly
300 ## - PHYSICAL DESCRIPTION
Extent 272
365 ## - TRADE PRICE
Currency code Rs.
Price amount 575.00
700 ## - ADDED ENTRY--PERSONAL NAME
Personal name Antonopoulos A.M.
9 (RLIN) 198357
906 ## - LOCAL DATA ELEMENT F, LDF (RLIN)
d O:0485416-Jan-2016B:SE/SI/247813-Oct-2015
c IT
b 718.75

No items available.